The Ten commandments : (Record no. 3546)

MARC details
000 -LEADER
fixed length control field 00934cam a2200277 a 4500
001 - CONTROL NUMBER
control field 2979358
003 - CONTROL NUMBER IDENTIFIER
control field GBCCL
005 - DATE AND TIME OF LATEST TRANSACTION
control field 20241126110457.0
008 - FIXED-LENGTH DATA ELEMENTS--GENERAL INFORMATION
fixed length control field 921116s1993 ilu b 000 0 eng
010 ## -
-- 92042717
020 ## - INTERNATIONAL STANDARD BOOK NUMBER
International Standard Book Number 0877888051 :
Terms of availability $8.99
040 ## - CATALOGING SOURCE
Original cataloging agency DLC
Transcribing agency DLC
Modifying agency DLC
050 00 -
-- BV4655
-- .B685 1993
082 00 - DEWEY DECIMAL CLASSIFICATION NUMBER
Classification number 241.52
Edition information 20
Item number BRI
100 1# - MAIN ENTRY--PERSONAL NAME
Personal name Briscoe, D. Stuart.
9 (RLIN) 3166
245 14 - TITLE STATEMENT
Title The Ten commandments :
Remainder of title playing by the rules /
Statement of responsibility, etc. Stuart Briscoe.
250 ## - EDITION STATEMENT
Edition statement Rev. ed.
260 ## - PUBLICATION, DISTRIBUTION, ETC.
Place of publication, distribution, etc. Wheaton, Ill. :
Name of publisher, distributor, etc. Harold shaw,
Date of publication, distribution, etc. 1993.
300 ## - PHYSICAL DESCRIPTION
Extent xx, 197 p. ;
Dimensions 21 cm.
440 #0 - SERIES STATEMENT/ADDED ENTRY--TITLE
Title Foundations of the faith
9 (RLIN) 7090
504 ## - BIBLIOGRAPHY, ETC. NOTE
Bibliography, etc. note Includes bibliographical references (p. 197).
630 00 - SUBJECT ADDED ENTRY--UNIFORM TITLE
Uniform title Ten commandments.
9 (RLIN) 3462
906 ## - LOCAL DATA ELEMENT F, LDF (RLIN)
a 7
b cbc
c orignew
d 1
e ocip
f 19
g y-gencatlg
942 ## - ADDED ENTRY ELEMENTS (KOHA)
Source of classification or shelving scheme Dewey Decimal Classification
Koha item type Books
Koha issues (borrowed), all copies 5
Holdings
Withdrawn status Lost status Source of classification or shelving scheme Damaged status Not for loan Home library Current Library Shelving location Date acquired Total checkouts Full call number Barcode Date last seen Date last checked out Copy number Price effective from Koha item type
    Dewey Decimal Classification     GRACE BIBLE COLLEGE GRACE BIBLE COLLEGE Theology 2017-11-29 5 241.52 BRI 002280 2025-05-01 2024-09-30 c.1 2017-11-29 Books
© Grace Bible College Library 2025